[Event "Turniej Blitza na II Lidze Juniorów 2018"]
[Site "Szczyrk, Poland"]
[Date "2018.07.26"]
[Round "2.61"]
[White "Nowacka, Dorota"]
[Black "Ziolo, Oliwia"]
[Result "1-0"]
[TimeControl "3'+2\""]
[WhiteElo "1322"]
[BlackElo "1095"]

1. d4 {[%clk 00:03:04]} e6 {[%clk 00:03:03]} {[%emt 00:00:01]} 2. Bf4 {[%clk
00:03:04]} {[%emt 00:00:01]} d5 {[%clk 00:03:04]} 3. e3 {[%clk 00:03:03]}
{[%emt 00:00:04]} c5 {[%clk 00:03:05]} {[%emt 00:00:01]} 4. c3 {[%clk
00:03:03]} {[%emt 00:00:01]} Nc6 {[%clk 00:03:06]} 5. Bd3 {[%clk 00:03:04]} Nf6
{[%clk 00:03:05]} {[%emt 00:00:06]} 6. Nd2 {[%clk 00:03:05]} Be7 {[%clk
00:03:05]} {[%emt 00:00:02]} 7. Ngf3 {[%clk 00:03:06]} {[%emt 00:00:01]} O-O
{[%clk 00:03:06]} {[%emt 00:00:02]} 8. h4 {[%clk 00:03:07]} h6 {[%clk
00:03:06]} {[%emt 00:00:01]} 9. Ne5 {[%clk 00:03:07]} {[%emt 00:00:02]} Nd7
{[%clk 00:03:06]} {[%emt 00:00:02]} 10. Qe2 {[%clk 00:02:55]} {[%emt 00:00:14]}
a6 {[%clk 00:03:05]} {[%emt 00:00:04]} 11. O-O-O {[%clk 00:02:55]} {[%emt
00:00:02]} c4 {[%clk 00:03:06]} 12. Bc2 {[%clk 00:02:55]} Ndxe5 {[%clk
00:03:03]} {[%emt 00:00:05]} 13. dxe5 {[%emt 00:00:01]} b5 14. g4 {[%clk
00:02:50]} {[%emt 00:00:07]} Bxh4 {[%clk 00:03:01]} {[%emt 00:00:06]} 15. Rh3
{[%clk 00:02:51]} {[%emt 00:00:01]} Bg5 {[%clk 00:02:59]} {[%emt 00:00:04]} 16.
Rdh1 {[%clk 00:02:48]} {[%emt 00:00:05]} b4 {[%clk 00:02:58]} {[%emt 00:00:04]}
17. Bxg5 {[%clk 00:02:47]} {[%emt 00:00:03]} Qxg5 {[%clk 00:02:58]} {[%emt
00:00:01]} 18. f4 {[%clk 00:02:48]} Qe7 {[%clk 00:02:57]} {[%emt 00:00:02]} 19.
g5 {[%clk 00:02:49]} {[%emt 00:00:02]} f5 {[%clk 00:02:44]} {[%emt 00:00:15]}
20. gxh6 {[%clk 00:02:50]} {[%emt 00:00:02]} gxh6 {[%clk 00:02:44]} {[%emt
00:00:01]} 21. Rxh6 {[%clk 00:02:51]} {[%emt 00:00:02]} Qg7 {[%clk 00:02:43]}
{[%emt 00:00:03]} 22. Qh5 {[%clk 00:02:45]} {[%emt 00:00:08]} bxc3 {[%clk
00:02:05]} {[%emt 00:00:40]} 23. bxc3 {[%clk 00:02:36]} {[%emt 00:00:11]} a5
{[%clk 00:01:52]} {[%emt 00:00:15]} 24. Rh8+ {[%clk 00:02:36]} {[%emt
00:00:01]} Qxh8 {[%clk 00:01:52]} {[%emt 00:00:02]} 25. Qxh8+ {[%clk 00:02:37]}
{[%emt 00:00:01]} Kf7 {[%clk 00:01:53]} {[%emt 00:00:01]} 26. Rh7+ {[%clk
00:02:37]} {[%emt 00:00:02]} Ke8 {[%clk 00:01:55]} 27. Qg7 {[%clk 00:02:32]}
{[%emt 00:00:07]} Ra7 {[%clk 00:01:50]} {[%emt 00:00:07]} 28. Qh6 {[%clk
00:02:25]} {[%emt 00:00:08]} Ne7 {[%clk 00:01:43]} {[%emt 00:00:10]} 29. Ba4+
{[%clk 00:02:25]} {[%emt 00:00:02]} Kd8 {[%clk 00:01:38]} {[%emt 00:00:06]} 30.
Qxf8+ {[%clk 00:02:24]} {[%emt 00:00:03]} Kc7 {[%clk 00:01:39]} 31. Rxe7+
{[%clk 00:02:24]} {[%emt 00:00:03]} Kb8 {[%clk 00:01:41]} 32. Rxa7 {[%clk
00:02:21]} {[%emt 00:00:06]} Kxa7 {[%clk 00:01:40]} {[%emt 00:00:02]} 33. Qxc8
{[%clk 00:02:21]} {[%emt 00:00:03]} Kb6 {[%clk 00:01:41]} {[%emt 00:00:01]} 34.
Nxc4+ {[%clk 00:02:19]} {[%emt 00:00:04]} dxc4 {[%clk 00:01:41]} {[%emt
00:00:02]} 35. Qc6+ {[%clk 00:02:19]} {[%emt 00:00:02]} Ka7 {[%clk 00:01:42]}
{[%emt 00:00:01]} 36. Qxe6 {[%clk 00:02:16]} {[%emt 00:00:05]} Kb7 {[%clk
00:01:43]} {[%emt 00:00:01]} 37. Qxf5 {[%clk 00:02:15]} {[%emt 00:00:03]} Kc7
{[%clk 00:01:44]} 38. e6 {[%clk 00:02:15]} {[%emt 00:00:02]} Kd8 {[%clk
00:01:45]} {[%emt 00:00:01]} 39. Qf8+ {[%clk 00:02:15]} {[%emt 00:00:02]} Kc7
{[%clk 00:01:47]} {[%emt 00:00:01]} 40. e7 {[%clk 00:02:15]} {[%emt 00:00:02]}
Kd6 {[%clk 00:01:48]} {[%emt 00:00:01]} 41. e8=N+ {[%clk 00:02:14]} {[%emt
00:00:03]} Kd5 {[%clk 00:01:48]} {[%emt 00:00:02]} 42. Qd6+ {[%clk 00:02:14]}
{[%emt 00:00:01]} Ke4 {[%clk 00:01:48]} {[%emt 00:00:02]} 43. Bc6+ {[%clk
00:02:11]} {[%emt 00:00:06]} Kf5 {[%clk 00:01:48]} {[%emt 00:00:02]} 44. e4+
{[%clk 00:02:08]} {[%emt 00:00:04]} Kg4 {[%clk 00:01:48]} {[%emt 00:00:02]} 45.
Nf6+ {[%clk 00:02:08]} {[%emt 00:00:03]} Kf3 {[%clk 00:01:49]} {[%emt
00:00:01]} 46. e5+ {[%clk 00:02:09]} Ke3 {[%clk 00:01:49]} {[%emt 00:00:01]} 47.
Qd2# {[%clk 00:02:09]} {[%emt 00:00:03]} 1-0

[ePGN "0.1;DGT LiveChess/2.2"]

[Event "Turniej Blitza na II Lidze Juniorów 2018"]
[Site "Szczyrk, Poland"]
[Date "2018.07.26"]
[Round "3.30"]
[White "Pawlak, Emilia"]
[Black "Paprocki, Antoni"]
[Result "0-1"]
[TimeControl "3'+2\""]
[WhiteElo "1319"]
[BlackElo "1570"]

1. e4 {[%clk 00:03:03]} c5 {[%clk 00:03:04]} 2. Nf3 {[%clk 00:03:04]} {[%emt
00:00:02]} d6 {[%clk 00:03:05]} 3. d4 {[%clk 00:03:06]} {[%emt 00:00:01]} cxd4
{[%clk 00:03:06]} {[%emt 00:00:01]} 4. Nxd4 {[%clk 00:03:07]} Nf6 {[%clk
00:03:07]} {[%emt 00:00:01]} 5. Nc3 {[%clk 00:03:08]} {[%emt 00:00:01]} a6
{[%clk 00:03:08]} 6. h3 {[%clk 00:03:09]} {[%emt 00:00:01]} e5 {[%clk
00:03:08]} {[%emt 00:00:02]} 7. Nde2 {[%clk 00:03:10]} {[%emt 00:00:01]} b5
{[%clk 00:03:04]} {[%emt 00:00:05]} 8. Bg5 {[%clk 00:02:53]} {[%emt 00:00:19]}
Be7 {[%clk 00:03:02]} {[%emt 00:00:05]} 9. g4 {[%clk 00:02:54]} Bb7 {[%clk
00:03:02]} {[%emt 00:00:02]} 10. Bg2 {[%clk 00:02:54]} {[%emt 00:00:02]} Nbd7
{[%clk 00:03:02]} {[%emt 00:00:02]} 11. Ng3 {[%clk 00:02:54]} {[%emt 00:00:02]}
O-O {[%clk 00:02:53]} {[%emt 00:00:10]} 12. O-O {[%clk 00:02:55]} {[%emt
00:00:02]} Nc5 {[%clk 00:02:54]} 13. Bxf6 {[%clk 00:02:43]} {[%emt 00:00:14]}
Bxf6 {[%clk 00:02:54]} {[%emt 00:00:01]} 14. Nf5 {[%clk 00:02:43]} {[%emt
00:00:03]} Be7 {[%clk 00:02:55]} 15. b4 {[%clk 00:02:31]} {[%emt 00:00:13]} Ne6
{[%clk 00:02:48]} {[%emt 00:00:10]} 16. Ne2 {[%clk 00:02:30]} {[%emt 00:00:04]}
Qc7 {[%clk 00:02:25]} {[%emt 00:00:23]} 17. Neg3 {[%clk 00:02:29]} {[%emt
00:00:03]} g6 {[%clk 00:02:24]} {[%emt 00:00:04]} 18. Nxe7+ {[%clk 00:02:24]}
{[%emt 00:00:07]} Qxe7 {[%clk 00:02:24]} {[%emt 00:00:02]} 19. Rc1 {[%clk
00:02:23]} {[%emt 00:00:03]} Rac8 {[%clk 00:02:19]} {[%emt 00:00:07]} 20. Qd2
{[%clk 00:02:18]} {[%emt 00:00:07]} Nf4 {[%emt 00:00:22]} 21. Rfd1 {[%clk
00:02:12]} {[%emt 00:00:04]} Rfd8 {[%clk 00:01:50]} {[%emt 00:00:18]} 22. f3
Qh4 {[%emt 00:00:35]} 23. Ne2 {[%clk 00:01:37]} {[%emt 00:00:04]} Nxh3+ {[%clk
00:01:44]} {[%emt 00:00:12]} 24. Bxh3 Qxh3 {[%emt 00:00:08]} 25. Rf1 {[%emt
00:00:17]} d5 {[%clk 00:01:28]} {[%emt 00:00:01]} 26. Nc3 {[%clk 00:01:22]}
{[%emt 00:00:10]} dxe4 {[%clk 00:01:25]} {[%emt 00:00:05]} 27. Qe3 {[%clk
00:01:15]} {[%emt 00:00:08]} exf3 {[%clk 00:01:19]} {[%emt 00:00:08]} 28. Kf2
{[%clk 00:00:44]} {[%emt 00:00:33]} Qh2+ {[%clk 00:01:13]} {[%emt 00:00:08]} 29.
Ke1 {[%clk 00:00:42]} {[%emt 00:00:04]} Rxc3 {[%clk 00:01:09]} {[%emt
00:00:06]} 30. Qxe5 {[%clk 00:00:30]} {[%emt 00:00:15]} Qe2+ {[%clk 00:01:04]}
{[%emt 00:00:07]} 31. Qxe2 {[%clk 00:00:29]} {[%emt 00:00:04]} fxe2 {[%clk
00:01:04]} 32. Kxe2 {[%clk 00:00:30]} {[%emt 00:00:01]} Re8+ {[%clk 00:01:04]}
{[%emt 00:00:02]} 33. Kd2 {[%clk 00:00:29]} {[%emt 00:00:02]} Rc4 {[%clk
00:01:05]} {[%emt 00:00:02]} 34. a3 {[%clk 00:00:28]} {[%emt 00:00:03]} Rd8+
{[%clk 00:01:03]} {[%emt 00:00:03]} 35. Ke2 {[%clk 00:00:25]} {[%emt 00:00:05]}
Re4+ {[%clk 00:01:03]} {[%emt 00:00:02]} 36. Kf3 {[%clk 00:00:22]} {[%emt
00:00:06]} Rxb4+ {[%clk 00:01:02]} {[%emt 00:00:03]} 37. Kg3 {[%clk 00:00:20]}
{[%emt 00:00:03]} Rc4 {[%clk 00:01:01]} {[%emt 00:00:03]} 38. Rf2 {[%clk
00:00:19]} {[%emt 00:00:04]} Rc3+ {[%clk 00:01:02]} {[%emt 00:00:01]} 39. Kf4
{[%clk 00:00:17]} {[%emt 00:00:04]} Rxa3 {[%clk 00:00:59]} {[%emt 00:00:05]} 40.
Rcf1 {[%clk 00:00:13]} {[%emt 00:00:06]} Rd7 {[%clk 00:00:53]} {[%emt
00:00:08]} 41. Kg5 {[%clk 00:00:08]} {[%emt 00:00:07]} Kg7 {[%clk 00:00:50]}
{[%emt 00:00:04]} 42. Rf6 {[%clk 00:00:07]} {[%emt 00:00:04]} h6+ {[%clk
00:00:45]} {[%emt 00:00:07]} 43. Kh4 {[%emt 00:00:07]} Bg2 {[%emt 00:00:02]} 44.
g5 {[%clk 00:03:02]} {[%emt 00:00:02]} 0-1

[Event "Turniej Blitza na II Lidze Juniorów 2018"]
[Site "Szczyrk, Poland"]
[Date "2018.07.26"]
[Round "3.65"]
[White "Kubik, Rafal"]
[Black "Szopa, Emilia"]
[Result "1-0"]
[TimeControl "3'+2\""]
[WhiteElo "1077"]
[BlackElo "1323"]

1. e4 e5 {[%clk 00:02:53]} {[%emt 00:00:10]} 2. Nf3 {[%clk 00:03:03]} {[%emt
00:00:02]} Nc6 {[%clk 00:02:54]} 3. Bc4 {[%clk 00:03:03]} {[%emt 00:00:01]} Bc5
{[%emt 00:00:01]} 4. b4 Bxb4 {[%clk 00:02:54]} {[%emt 00:00:02]} 5. c3 {[%clk
00:03:06]} Ba5 {[%clk 00:02:56]} 6. Qb3 {[%clk 00:02:55]} {[%emt 00:00:13]} Qe7
{[%clk 00:02:43]} {[%emt 00:00:15]} 7. O-O {[%clk 00:02:51]} {[%emt 00:00:05]}
Nf6 {[%clk 00:02:41]} {[%emt 00:00:04]} 8. d4 {[%clk 00:02:52]} {[%emt
00:00:02]} O-O {[%clk 00:02:28]} {[%emt 00:00:14]} 9. Nbd2 {[%clk 00:02:53]}
{[%emt 00:00:01]} exd4 {[%clk 00:02:27]} {[%emt 00:00:03]} 10. cxd4 {[%clk
00:02:54]} {[%emt 00:00:02]} Bb6 {[%clk 00:02:15]} {[%emt 00:00:14]} 11. Ba3
{[%clk 00:02:54]} d6 {[%clk 00:02:13]} {[%emt 00:00:04]} 12. e5 {[%clk
00:02:53]} {[%emt 00:00:03]} Ne8 {[%clk 00:02:08]} {[%emt 00:00:07]} 13. exd6
{[%clk 00:02:54]} {[%emt 00:00:02]} cxd6 {[%clk 00:02:07]} {[%emt 00:00:02]} 14.
Rfe1 {[%clk 00:02:53]} {[%emt 00:00:03]} Qd7 {[%clk 00:02:06]} {[%emt
00:00:03]} 15. Ne4 {[%clk 00:02:46]} {[%emt 00:00:09]} Na5 {[%clk 00:02:05]}
{[%emt 00:00:04]} 16. Qc3 {[%clk 00:02:46]} {[%emt 00:00:02]} Nxc4 {[%clk
00:02:03]} {[%emt 00:00:04]} 17. Qxc4 {[%clk 00:02:47]} Bc7 {[%clk 00:01:56]}
{[%emt 00:00:08]} 18. d5 {[%clk 00:02:47]} {[%emt 00:00:02]} a6 {[%clk
00:01:48]} {[%emt 00:00:10]} 19. Rab1 {[%clk 00:02:44]} {[%emt 00:00:05]} b5
{[%clk 00:01:47]} {[%emt 00:00:04]} 20. Qc3 {[%clk 00:02:41]} {[%emt 00:00:04]}
Bb7 {[%clk 00:01:40]} {[%emt 00:00:10]} 21. Rbc1 {[%clk 00:02:39]} {[%emt
00:00:04]} Bxd5 {[%clk 00:01:36]} {[%emt 00:00:05]} 22. Ned2 {[%clk 00:02:35]}
{[%emt 00:00:06]} Rc8 {[%clk 00:01:29]} {[%emt 00:00:09]} 23. Bb2 {[%clk
00:02:33]} {[%emt 00:00:04]} f6 {[%clk 00:01:30]} {[%emt 00:00:02]} 24. Qd4
{[%clk 00:02:24]} {[%emt 00:00:11]} Bf7 {[%clk 00:01:28]} {[%emt 00:00:04]} 25.
Qa7 {[%clk 00:02:15]} {[%emt 00:00:11]} Qd8 {[%clk 00:01:13]} {[%emt 00:00:16]}
26. Qb7 {[%clk 00:02:12]} {[%emt 00:00:05]} Rb8 {[%clk 00:01:03]} {[%emt
00:00:12]} 27. Qxa6 {[%clk 00:02:12]} {[%emt 00:00:02]} Bb6 {[%clk 00:00:59]}
{[%emt 00:00:06]} 28. Qa3 {[%clk 00:02:11]} {[%emt 00:00:04]} Nc7 {[%clk
00:00:57]} {[%emt 00:00:04]} 29. Nb3 {[%clk 00:02:07]} {[%emt 00:00:04]} Ra8
{[%clk 00:00:53]} {[%emt 00:00:07]} 30. Qb4 {[%clk 00:02:07]} {[%emt 00:00:02]}
Rxa2 {[%clk 00:00:46]} {[%emt 00:00:09]} 31. Rb1 {[%clk 00:02:08]} {[%emt
00:00:01]} Qd7 {[%clk 00:00:38]} {[%emt 00:00:11]} 32. Qc3 {[%emt 00:00:28]}
Nd5 {[%clk 00:00:32]} {[%emt 00:00:06]} 33. Qd3 {[%clk 00:01:40]} {[%emt
00:00:05]} Nf4 {[%clk 00:00:31]} {[%emt 00:00:04]} 34. Qe4 {[%clk 00:01:39]}
{[%emt 00:00:03]} Ng6 {[%clk 00:00:17]} {[%emt 00:00:14]} 35. Qd3 {[%clk
00:01:31]} {[%emt 00:00:11]} Rc8 {[%clk 00:00:10]} {[%emt 00:00:08]} 36. Bc3
{[%clk 00:01:29]} {[%emt 00:00:06]} Rxf2 {[%clk 00:00:06]} {[%emt 00:00:06]} 37.
Kh1 {[%clk 00:01:27]} {[%emt 00:00:03]} 1-0

[Event "Turniej Blitza na II Lidze Juniorów 2018"]
[Site "Szczyrk, Poland"]
[Date "2018.07.26"]
[Round "3.23"]
[White "Radecki, Adam"]
[Black "Jaszczuk, Mateusz"]
[Result "1-0"]
[TimeControl "3'+2\""]
[WhiteElo "1782"]
[BlackElo "1351"]

1. e4 {[%clk 00:03:03]} {[%emt 00:03:03]} c5 {[%clk 00:03:03]} {[%emt
00:00:01]} 2. d3 {[%clk 00:03:05]} Nc6 {[%clk 00:03:04]} {[%emt 00:00:02]} 3.
g3 {[%clk 00:03:06]} e5 {[%clk 00:03:04]} {[%emt 00:00:02]} 4. Bg2 {[%clk
00:03:08]} Nge7 {[%clk 00:03:00]} {[%emt 00:00:05]} 5. Nf3 {[%clk 00:03:08]}
{[%emt 00:00:02]} d6 {[%clk 00:03:01]} 6. O-O {[%clk 00:03:08]} {[%emt
00:00:03]} g6 {[%clk 00:03:02]} {[%emt 00:00:01]} 7. Nbd2 {[%clk 00:03:10]} Bg7
{[%clk 00:03:03]} 8. c3 {[%clk 00:03:11]} {[%emt 00:00:02]} O-O {[%clk
00:03:03]} {[%emt 00:00:02]} 9. Kh1 {[%clk 00:03:10]} {[%emt 00:00:03]} Kh8
{[%clk 00:03:02]} {[%emt 00:00:04]} 10. Nh4 {[%clk 00:03:07]} {[%emt 00:00:04]}
f5 {[%clk 00:02:59]} {[%emt 00:00:05]} 11. exf5 {[%clk 00:03:07]} {[%emt
00:00:02]} Nxf5 {[%clk 00:03:00]} 12. Nxf5 {[%clk 00:02:58]} {[%emt 00:00:11]}
Bxf5 {[%clk 00:03:02]} 13. Ne4 {[%clk 00:03:00]} Bxe4 {[%clk 00:02:58]} {[%emt
00:00:06]} 14. Bxe4 {[%clk 00:03:00]} Rb8 {[%clk 00:02:53]} {[%emt 00:00:07]}
15. a4 {[%clk 00:03:01]} {[%emt 00:00:02]} Ne7 {[%clk 00:02:51]} {[%emt
00:00:03]} 16. f4 {[%clk 00:02:59]} {[%emt 00:00:04]} d5 {[%clk 00:02:32]}
{[%emt 00:00:21]} 17. Bg2 {[%clk 00:03:00]} {[%emt 00:00:02]} d4 {[%clk
00:02:27]} {[%emt 00:00:06]} 18. c4 {[%clk 00:03:00]} {[%emt 00:00:02]} Nf5
{[%clk 00:02:22]} {[%emt 00:00:08]} 19. Qf3 {[%clk 00:02:50]} {[%emt 00:00:11]}
Qd6 {[%clk 00:02:12]} {[%emt 00:00:12]} 20. Qe4 {[%clk 00:02:26]} {[%emt
00:00:27]} b6 {[%clk 00:02:04]} {[%emt 00:00:09]} 21. a5 {[%clk 00:02:25]}
{[%emt 00:00:03]} Rfe8 {[%clk 00:02:01]} {[%emt 00:00:05]} 22. Qf3 {[%clk
00:02:22]} {[%emt 00:00:05]} exf4 {[%clk 00:01:54]} {[%emt 00:00:10]} 23. Bxf4
{[%clk 00:02:22]} {[%emt 00:00:02]} Be5 {[%clk 00:01:55]} 24. Bd2 {[%clk
00:02:16]} {[%emt 00:00:09]} bxa5 {[%clk 00:01:20]} {[%emt 00:00:37]} 25. Rxa5
{[%clk 00:02:13]} {[%emt 00:00:04]} Rxb2 {[%clk 00:01:20]} {[%emt 00:00:03]} 26.
Bc1 {[%clk 00:02:14]} Rbb8 {[%clk 00:01:16]} {[%emt 00:00:04]} 27. Rxa7 {[%clk
00:02:13]} {[%emt 00:00:04]} Re7 {[%clk 00:01:16]} {[%emt 00:00:01]} 28. Rxe7
{[%clk 00:02:10]} {[%emt 00:00:06]} Qxe7 {[%clk 00:01:08]} {[%emt 00:00:10]} 29.
Re1 {[%clk 00:02:11]} {[%emt 00:00:02]} Qg7 {[%clk 00:01:08]} 30. Qd5 {[%clk
00:01:58]} {[%emt 00:00:15]} Rc8 {[%clk 00:00:59]} {[%emt 00:00:11]} 31. Qxe5
{[%clk 00:01:57]} {[%emt 00:00:03]} Qxe5 {[%clk 00:00:48]} {[%emt 00:00:13]} 32.
Rxe5 {[%clk 00:01:58]} Kg7 {[%clk 00:00:47]} {[%emt 00:00:03]} 33. Be4 {[%clk
00:01:56]} {[%emt 00:00:04]} Kf6 {[%clk 00:00:48]} {[%emt 00:00:02]} 34. Rd5
{[%clk 00:01:53]} {[%emt 00:00:04]} Ne3 {[%clk 00:00:46]} {[%emt 00:00:04]} 35.
Bxe3 {[%emt 00:00:02]} dxe3 36. Kg2 {[%clk 00:01:51]} {[%emt 00:00:02]} 1-0

[Event "Turniej Blitza na II Lidze Juniorów 2018"]
[Site "Szczyrk, Poland"]
[Date "2018.07.26"]
[Round "3.60"]
[White "Sidorczuk, Pawel"]
[Black "Piechota, Kamil"]
[Result "1-0"]
[TimeControl "3'+2\""]
[WhiteElo "1120"]
[BlackElo "1459"]

1. e4 {[%clk 00:03:02]} {[%emt 00:02:46]} e5 {[%clk 00:03:02]} {[%emt
00:00:07]} 2. Nf3 {[%clk 00:03:03]} Nc6 {[%clk 00:03:04]} 3. Bc4 {[%clk
00:03:04]} {[%emt 00:00:01]} Bc5 {[%clk 00:03:05]} 4. b4 {[%clk 00:03:05]}
{[%emt 00:00:01]} Bxb4 {[%clk 00:03:04]} {[%emt 00:00:03]} 5. c3 {[%clk
00:03:06]} Bc5 {[%clk 00:03:01]} {[%emt 00:00:04]} 6. d4 {[%clk 00:03:07]}
{[%emt 00:00:02]} exd4 7. cxd4 {[%clk 00:03:08]} Bb4+ {[%clk 00:02:58]} {[%emt
00:00:06]} 8. Bd2 {[%clk 00:03:08]} Bxd2+ {[%clk 00:02:57]} {[%emt 00:00:04]} 9.
Nbxd2 {[%clk 00:03:09]} d6 {[%clk 00:02:58]} {[%emt 00:00:01]} 10. O-O {[%clk
00:03:09]} {[%emt 00:00:02]} Bg4 {[%clk 00:02:58]} {[%emt 00:00:02]} 11. Qb3
{[%clk 00:03:07]} {[%emt 00:00:03]} Nh6 {[%clk 00:02:53]} {[%emt 00:00:08]} 12.
Qxb7 {[%clk 00:03:05]} {[%emt 00:00:04]} Ne7 {[%clk 00:02:25]} {[%emt
00:00:30]} 13. Bb5+ {[%clk 00:02:52]} {[%emt 00:00:15]} Kf8 {[%clk 00:02:21]}
{[%emt 00:00:06]} 14. Rab1 {[%clk 00:02:33]} {[%emt 00:00:20]} g6 {[%clk
00:01:48]} {[%emt 00:00:36]} 15. h3 {[%clk 00:02:12]} {[%emt 00:00:23]} Bxf3
{[%clk 00:01:39]} {[%emt 00:00:11]} 16. Nxf3 {[%clk 00:02:13]} {[%emt
00:00:01]} Kg7 {[%clk 00:01:39]} {[%emt 00:00:02]} 17. Rfc1 {[%clk 00:02:09]}
{[%emt 00:00:05]} Rb8 {[%clk 00:01:10]} {[%emt 00:00:31]} 18. Qxa7 {[%clk
00:01:56]} {[%emt 00:00:15]} c6 {[%clk 00:01:00]} {[%emt 00:00:12]} 19. Bd3
{[%clk 00:01:44]} {[%emt 00:00:14]} Rxb1 {[%clk 00:00:51]} {[%emt 00:00:12]} 20.
Rxb1 {[%clk 00:01:45]} {[%emt 00:00:01]} c5 {[%clk 00:00:46]} {[%emt 00:00:07]}
21. Rb7 {[%clk 00:01:02]} {[%emt 00:00:44]} Nc6 {[%clk 00:00:40]} {[%emt
00:00:09]} 22. Qa4 {[%clk 00:00:58]} {[%emt 00:00:05]} Nb4 {[%clk 00:00:23]}
{[%emt 00:00:19]} 23. Be2 {[%clk 00:00:49]} {[%emt 00:00:11]} Qc8 {[%clk
00:00:24]} 24. Rb6 {[%clk 00:00:43]} {[%emt 00:00:08]} Qc7 {[%clk 00:00:24]}
{[%emt 00:00:03]} 25. Rb5 {[%emt 00:00:06]} Rc8 {[%clk 00:00:20]} {[%emt
00:00:05]} 26. dxc5 {[%clk 00:00:38]} {[%emt 00:00:03]} dxc5 {[%clk 00:00:21]}
{[%emt 00:00:01]} 27. Bc4 {[%clk 00:00:37]} {[%emt 00:00:04]} Ng8 {[%emt
00:00:03]} 28. a3 {[%clk 00:00:32]} {[%emt 00:00:06]} Nc6 {[%clk 00:00:06]}
{[%emt 00:00:17]} 29. Rxc5 {[%clk 00:00:32]} Rd8 {[%emt 00:00:01]} 30. Qxc6
{[%clk 00:00:27]} {[%emt 00:00:07]} Rd1+ {[%clk 00:00:08]} {[%emt 00:00:02]} 31.
Bf1 {[%clk 00:00:27]} {[%emt 00:00:02]} Qa7 {[%clk 00:00:04]} {[%emt 00:00:06]}
32. Rd5 {[%clk 00:00:17]} {[%emt 00:00:12]} Rb1 {[%clk 00:03:02]} {[%emt
00:00:03]} 33. Qc3+ 1-0

[Event "Turniej Blitza na II Lidze Juniorów 2018"]
[Site "Szczyrk, Poland"]
[Date "2018.07.26"]
[Round "3.3"]
[White "Posuniak, Weronika"]
[Black "Szadkowski, Kamil"]
[Result "0-1"]
[TimeControl "3'+2\""]
[BlackTitle "FM"]
[WhiteElo "1808"]
[BlackElo "2209"]

1. Nf3 {[%clk 00:03:03]} g6 {[%clk 00:03:02]} {[%emt 00:00:03]} 2. d4 {[%clk
00:03:04]} Bg7 {[%clk 00:03:03]} {[%emt 00:00:01]} 3. c4 {[%clk 00:03:05]}
{[%emt 00:00:01]} Nf6 {[%clk 00:03:04]} 4. Nc3 {[%clk 00:03:06]} {[%emt
00:00:01]} O-O {[%clk 00:03:04]} {[%emt 00:00:01]} 5. e4 {[%clk 00:03:05]}
{[%emt 00:00:04]} d6 {[%clk 00:03:05]} {[%emt 00:00:01]} 6. Bd3 {[%clk
00:03:04]} {[%emt 00:00:02]} c5 {[%clk 00:03:02]} {[%emt 00:00:05]} 7. d5
{[%clk 00:03:05]} {[%emt 00:00:02]} Na6 {[%clk 00:03:00]} {[%emt 00:00:04]} 8.
a3 {[%clk 00:03:04]} {[%emt 00:00:03]} Nc7 {[%clk 00:03:01]} 9. O-O {[%clk
00:03:02]} {[%emt 00:00:03]} a6 {[%clk 00:03:02]} 10. Bd2 {[%clk 00:02:56]}
{[%emt 00:00:09]} b5 {[%clk 00:03:01]} {[%emt 00:00:03]} 11. cxb5 {[%clk
00:02:47]} {[%emt 00:00:11]} axb5 {[%clk 00:03:02]} {[%emt 00:00:02]} 12. Nxb5
{[%clk 00:02:37]} {[%emt 00:00:12]} Nxb5 {[%clk 00:03:03]} {[%emt 00:00:02]} 13.
Bxb5 {[%clk 00:02:36]} {[%emt 00:00:02]} Nxe4 {[%clk 00:03:03]} {[%emt
00:00:01]} 14. Rb1 {[%clk 00:02:32]} {[%emt 00:00:06]} Rb8 {[%clk 00:03:02]}
{[%emt 00:00:03]} 15. Bd3 {[%clk 00:02:31]} {[%emt 00:00:03]} Nxd2 {[%clk
00:03:01]} {[%emt 00:00:04]} 16. Qxd2 {[%clk 00:02:30]} {[%emt 00:00:02]} Qb6
{[%clk 00:02:53]} {[%emt 00:00:10]} 17. b4 {[%clk 00:02:27]} {[%emt 00:00:06]}
Bg4 {[%clk 00:02:46]} {[%emt 00:00:08]} 18. Be2 {[%clk 00:02:08]} {[%emt
00:00:21]} Qa7 {[%clk 00:02:42]} {[%emt 00:00:07]} 19. Qe3 {[%clk 00:01:58]}
{[%emt 00:00:12]} Bf5 {[%clk 00:02:37]} {[%emt 00:00:07]} 20. Bd3 {[%clk
00:01:55]} {[%emt 00:00:04]} Bxd3 {[%clk 00:02:37]} {[%emt 00:00:02]} 21. Qxd3
{[%clk 00:01:56]} {[%emt 00:00:02]} cxb4 {[%clk 00:02:37]} {[%emt 00:00:01]} 22.
axb4 {[%clk 00:01:57]} {[%emt 00:00:02]} Rfc8 {[%clk 00:02:33]} {[%emt
00:00:06]} 23. h3 {[%clk 00:01:53]} {[%emt 00:00:06]} Qa2 {[%clk 00:02:27]}
{[%emt 00:00:07]} 24. Rbc1 {[%clk 00:01:23]} {[%emt 00:00:33]} Rxc1 {[%clk
00:02:04]} {[%emt 00:00:25]} 25. Rxc1 {[%clk 00:01:25]} {[%emt 00:00:01]} Rxb4
{[%clk 00:01:55]} {[%emt 00:00:10]} 26. Rc8+ {[%clk 00:01:25]} {[%emt
00:00:02]} Bf8 {[%clk 00:01:56]} {[%emt 00:00:01]} 27. Qe3 {[%clk 00:01:19]}
{[%emt 00:00:07]} Qa1+ {[%clk 00:01:53]} {[%emt 00:00:05]} 28. Kh2 {[%clk
00:01:19]} {[%emt 00:00:02]} Qf6 {[%clk 00:01:48]} {[%emt 00:00:07]} 29. Qh6
{[%clk 00:01:16]} {[%emt 00:00:06]} Qf4+ {[%clk 00:01:49]} {[%emt 00:00:01]} 30.
Qxf4 {[%clk 00:01:15]} {[%emt 00:00:02]} Rxf4 {[%clk 00:01:50]} {[%emt
00:00:02]} 31. Kg3 {[%clk 00:01:12]} {[%emt 00:00:05]} Rf5 {[%clk 00:01:46]}
{[%emt 00:00:04]} 32. Nd4 {[%clk 00:01:08]} {[%emt 00:00:07]} Rxd5 {[%clk
00:01:46]} {[%emt 00:00:03]} 33. Nc6 {[%clk 00:01:10]} Kg7 {[%clk 00:01:45]}
{[%emt 00:00:02]} 34. f3 {[%clk 00:01:08]} {[%emt 00:00:04]} Rc5 {[%clk
00:01:46]} {[%emt 00:00:01]} 35. Kf4 {[%clk 00:01:03]} {[%emt 00:00:07]} e6
{[%clk 00:01:45]} {[%emt 00:00:02]} 36. Ke4 {[%clk 00:01:01]} {[%emt 00:00:05]}
d5+ {[%clk 00:01:45]} {[%emt 00:00:02]} 37. Kd3 {[%clk 00:00:56]} {[%emt
00:00:06]} Rc4 {[%clk 00:01:45]} {[%emt 00:00:02]} 38. Ke3 {[%clk 00:00:25]}
{[%emt 00:00:34]} Bc5+ {[%clk 00:01:44]} {[%emt 00:00:03]} 39. Kd3 {[%clk
00:00:26]} Bd6 {[%clk 00:01:43]} {[%emt 00:00:03]} 0-1